00352pab a2200133 454500008004000000100001600040245009200056260000900148300000900157362001100166650001900177650001000196773001200206180718b2001 xxu||||| |||| 00| 0 eng d aVir, Dharam aEfficacy of public audit system in India: reforming the institution through empowerment c2001 ap.10 a18 Jul aPublic finance aAudit aTribune